Central Library OPAC University of Rajshahi

Rural social science development and the role of women in rural development / (Record no. 28805)

MARC details
000 -LEADER
fixed length control field 00647nam a2200217 a 4500
001 - CONTROL NUMBER
control field 28805
003 - CONTROL NUMBER IDENTIFIER
rucl marc code BD-RjUL
005 - DATE AND TIME OF LATEST TRANSACTION
control field 20211209051330.0
008 - FIXED-LENGTH DATA ELEMENTS--GENERAL INFORMATION
fixed length control field 140401s1975 b ||||| |||| 00| 0 eng d
035 ## - SYSTEM CONTROL NUMBER
System control number (BD-RjUL)28888
040 ## - CATALOGING SOURCE
Original cataloging agency BD-RjUL
Language of cataloging eng
Transcribing agency BD-RjUL
041 ## - LANGUAGE CODE
Language code of text/sound track or separate title eng
082 ## - DEWEY DECIMAL CLASSIFICATION NUMBER
Edition number 21
Classification number 305.42
Author mark and year EPR 1975
100 ## - MAIN ENTRY--PERSONAL NAME
Personal name Epstein, T. Scarlett
9 (RLIN) 88093
245 ## - TITLE STATEMENT
Title Rural social science development and the role of women in rural development /
Statement of responsibility, etc. T. Scarlett Epstein.
260 ## - PUBLICATION, DISTRIBUTION, ETC. (IMPRINT)
Place of publication, distribution, etc. Dacca (Dhaka) :
Name of publisher, distributor, etc. Ford Foundation,
Date of publication, distribution, etc. 1975
300 ## - PHYSICAL DESCRIPTION
Pagination [1], 39 p. :
Illustrations Ill. '
Size 28 Cm.
500 ## - GENERAL NOTE
General note x
650 ## - SUBJECT ADDED ENTRY--TOPICAL TERM
Topical term or geographic name as entry element Women's Studies
9 (RLIN) 88127
942 ## - ADDED ENTRY ELEMENTS (KOHA)
Source of classification or shelving scheme Dewey Decimal Classification
Koha item type Documents
Holdings
Lost status Source of classification or shelving scheme Damaged status Not for loan Collection code Permanent Location Current Location Shelving location Date acquired Source of acquisition Cost, normal purchase price Total Checkouts Full call number Date last seen Copy number Koha item type
  Dewey Decimal Classification   Added to bundle Non-fiction Central Library, University of Rajshahi Central Library, University of Rajshahi Documentation Section 16/08/1987 Ford Foundation, Dhaka 0.00   DOC 305.42 EPR 1975 01/04/2014 C-1 Documents